[Event "Chioggia op-B 14th"]
[Site "Chioggia"]
[Date "2019.10.06"]
[Round "5"]
[White "Fiscato, Claudio"]
[Black "Pilotto, Alessandro"]
[Result "1-0"]
[WhiteElo "1709"]
[BlackElo "1481"]
[PlyCount "63"]
[EventDate "2019.10.04"]
[EventType "swiss"]
[EventRounds "5"]
[EventCountry "ITA"]
[SourceTitle "EXT 2022"]
[Source "ChessBase"]
[SourceDate "2021.10.06"]
[SourceVersion "1"]
[SourceVersionDate "2021.10.06"]
[SourceQuality "1"]

1. e4 c5 2. Nf3 d6 3. d4 cxd4 4. Nxd4 Nc6 5. Nc3 Nf6 6. h3 g6 7. Be3 Bg7 8. Qd2 Bd7 9. Be2 a6 10. 0-0 Rc8 11. Rad1 Ne5 12. Bh6 Kf8 13. Nf3 Nc4 14. Bxc4 Rxc4 15. e5 Ne8 16. Rfe1 Be6 17. exd6 exd6 18. Nd4 Qf6 19. Nxe6+ fxe6 20. Bxg7+ Kxg7 21. Qe2 Rf4 22. Qxe6 Rxf2 23. Qd7+ Kh6 24. Rxe8 Rxe8 25. Qxe8 Rxc2 26. Qe3+ Kg7 27. Rf1 Qh4 28. Nd5 a5 29. Nf4 g5 30. Ne6+ Kh6 31. Rf6+ Kh5 32. Ng7# 1-0

[Event "Chioggia op-B 13th"]
[Site "Chioggia"]
[Date "2018.09.30"]
[Round "5"]
[White "Fiscato, Claudio"]
[Black "Bordin, Silvia"]
[Result "0-1"]
[WhiteElo "1678"]
[BlackElo "1810"]
[PlyCount "104"]
[EventDate "2018.09.28"]
[EventType "swiss"]
[EventRounds "5"]
[EventCountry "ITA"]
[SourceTitle "EXT 2022"]
[Source "ChessBase"]
[SourceDate "2021.10.06"]
[SourceVersion "1"]
[SourceVersionDate "2021.10.06"]
[SourceQuality "1"]

1. e4 e5 2. Nf3 Nc6 3. Bb5 a6 4. Ba4 Nf6 5. d3 b5 6. Bb3 Bc5 7. c3 0-0 8. 0-0 h6 9. h3 d6 10. Re1 Ba7 11. Nbd2 Na5 12. Bc2 c5 13. Nf1 Nc6 14. Ng3 Ne7 15. d4 Qc7 16. d5 Ng6 17. Bd2 Kh8 18. Qc1 Kh7 19. a4 Bd7 20. a5 c4 21. Ne2 Qc8 22. Be3 Bxe3 23. Qxe3 Nh5 24. Kh2 Nhf4 25. Nfg1 f5 26. Nxf4 exf4 27. Qf3 fxe4 28. Bxe4 Bf5 29. Bxf5 Qxf5 30. Qe4 Qxe4 31. Rxe4 Ne5 32. Rd1 Rae8 33. Rde1 Rc8 34. R1e2 Rf5 35. Rd4 Rc5 36. Red2 Nd3 37. Nf3 Rcxd5 38. b4 Rxd4 39. Nxd4 Re5 40. Re2 Rxe2 41. Nxe2 Nxf2 42. Nxf4 Ne4 43. Ne2 g5 44. g3 Kg6 45. Kg2 d5 46. Kf3 Kf5 47. Ke3 Ke5 48. Kf3 h5 49. Ke3 h4 50. g4 Nxc3 51. Ng1 d4+ 52. Kd2 Kf4 0-1

[Event "Chioggia op-B 13th"]
[Site "Chioggia"]
[Date "2018.09.29"]
[Round "2"]
[White "Paparella, Stefano"]
[Black "Fiscato, Claudio"]
[Result "1-0"]
[WhiteElo "1840"]
[BlackElo "1678"]
[PlyCount "105"]
[EventDate "2018.09.28"]
[EventType "swiss"]
[EventRounds "5"]
[EventCountry "ITA"]
[SourceTitle "EXT 2022"]
[Source "ChessBase"]
[SourceDate "2021.10.06"]
[SourceVersion "1"]
[SourceVersionDate "2021.10.06"]
[SourceQuality "1"]

1. e4 c5 2. Nc3 e6 3. Bc4 a6 4. a3 Nc6 5. d3 d6 6. Nf3 Nf6 7. Bg5 Be7 8. Qd2 b5 9. Ba2 Bd7 10. h3 Rc8 11. 0-0 0-0 12. Ne2 c4 13. Rad1 cxd3 14. Qxd3 Ne8 15. Bd2 Bf6 16. c3 Be7 17. Nf4 Qc7 18. Rfe1 Qb7 19. Bb1 g6 20. Ba2 Bf6 21. Ne2 a5 22. Bh6 Bg7 23. Bxg7 Kxg7 24. Ned4 Nxd4 25. Qxd4+ Kg8 26. e5 d5 27. Qh4 Kg7 28. Rd4 h6 29. Qg3 Bc6 30. Bb1 Rg8 31. Qf4 Qe7 32. Qe3 Bb7 33. h4 Rc4 34. Bd3 Rxd4 35. Qxd4 b4 36. axb4 axb4 37. cxb4 Qc7 38. Qc5 Qb8 39. Rc1 Qa8 40. b5 Kh7 41. Qe7 Kg7 42. Qb4 d4 43. Ne1 Qd8 44. Rc4 Qxh4 45. Rxd4 Qg5 46. Rd7 Bd5 47. Qc3 h5 48. b6 h4 49. Bf1 h3 50. b7 Bxb7 51. Rxb7 hxg2 52. Bxg2 Rh8 53. Qf3 1-0

[Event "Presolana op 35th"]
[Site "Presolana"]
[Date "2015.08.26"]
[Round "4"]
[White "Fiscato, Claudio"]
[Black "Raselli, Claudio"]
[Result "1-0"]
[WhiteElo "1742"]
[BlackElo "1810"]
[PlyCount "153"]
[EventDate "2015.08.23"]
[EventType "swiss"]
[EventRounds "8"]
[EventCountry "ITA"]
[SourceTitle "EXT 2024"]
[Source "ChessBase"]
[SourceDate "2023.10.10"]
[SourceVersion "1"]
[SourceVersionDate "2023.10.10"]
[SourceQuality "1"]

1. e4 c5 2. Nf3 e6 3. d4 cxd4 4. Nxd4 a6 5. g3 Nf6 6. Bg2 Qc7 7. 0-0 Nc6 8. c3 Be7 9. Re1 d6 10. Nxc6 bxc6 11. Nd2 0-0 12. Nb3 Bb7 13. Bf4 e5 14. Bg5 Rfd8 15. Qc2 d5 16. exd5 cxd5 17. Qf5 e4 18. Qf4 Qxf4 19. Bxf4 Rac8 20. Rad1 Nd7 21. Rd2 g5 22. Be3 Ne5 23. Bd4 Bd6 24. Bxe5 Bxe5 25. Nd4 Bxd4 26. Rxd4 f5 27. Red1 Kf7 28. g4 Re8 29. gxf5 g4 30. Rb4 Rc7 31. Rb6 Re5 32. Bf1 a5 33. Rb5 a4 34. c4 Rxf5 35. cxd5 Rd7 36. Bc4 Kf8 37. b3 axb3 38. axb3 Rf6 39. Rc5 Rfd6 40. Rd4 h5 41. Rxe4 Bxd5 42. Bxd5 Rxd5 43. Rxd5 Rxd5 44. b4 Kf7 45. Kg2 Kf6 46. Rc4 Kg6 47. Rc5 Rd4 48. b5 Rb4 49. h3 gxh3+ 50. Kxh3 Rb3+ 51. Kh4 Rb4+ 52. Kg3 Kh6 53. f4 Kg6 54. Re5 Rb3+ 55. Kh4 Rb4 56. Kg3 Rb3+ 57. Kf2 h4 58. Kg2 Rg3+ 59. Kh2 Rb3 60. Rg5+ Kf6 61. Rg4 Rxb5 62. Rxh4 Kg6 63. Kg3 Rb3+ 64. Kg4 Rb4 65. Rh8 Kg7 66. Rc8 Kf6 67. Rc6+ Kf7 68. Kg5 Rb7 69. f5 Kg7 70. Rg6+ Kf7 71. Rh6 Rb5 72. Rh7+ Kg8 73. Rc7 Ra5 74. Kg6 Ra8 75. f6 Rb8 76. Rg7+ Kf8 77. Rh7 1-0

[Event "Bratto op-B 33rd"]
[Site "Bratto"]
[Date "2013.08.20"]
[Round "3"]
[White "Perico, Gianvittorio"]
[Black "Fiscato, Claudio"]
[Result "1/2-1/2"]
[WhiteElo "1875"]
[BlackElo "1775"]
[PlyCount "65"]
[EventDate "2013.08.18"]
[EventType "swiss"]
[EventRounds "8"]
[EventCountry "ITA"]
[SourceTitle "EXT 2015"]
[Source "ChessBase"]
[SourceDate "2014.11.20"]
[SourceVersion "1"]
[SourceVersionDate "2014.11.20"]
[SourceQuality "1"]

1. e4 c5 2. Nf3 e6 3. d4 cxd4 4. Nxd4 a6 5. c4 Nf6 6. Nc3 Qc7 7. Be2 d6 8. Be3 Be7 9. 0-0 Nbd7 10. f4 b6 11. Bf3 Bb7 12. Rc1 h5 13. Nb3 Nc5 14. Nxc5 bxc5 15. e5 dxe5 16. fxe5 Nd7 17. Bxh5 g6 18. Bf3 g5 19. Bf2 Nxe5 20. Bg3 Nxf3+ 21. Qxf3 Bxf3 22. Bxc7 Bc6 23. Be5 Rh6 24. Rcd1 f6 25. Bg3 Rd8 26. Rxd8+ Kxd8 27. Rd1+ Ke8 28. Bd6 Rh4 29. Bxe7 Kxe7 30. b3 Rd4 31. Rxd4 cxd4 32. Nd1 e5 33. Kf2 1/2-1/2

[Event "Bratto op-B 33rd"]
[Site "Bratto"]
[Date "2013.08.19"]
[Round "2"]
[White "Fiscato, Claudio"]
[Black "Drago, Paolo"]
[Result "1/2-1/2"]
[WhiteElo "1775"]
[BlackElo "1858"]
[PlyCount "120"]
[EventDate "2013.08.18"]
[EventType "swiss"]
[EventRounds "8"]
[EventCountry "ITA"]
[SourceTitle "EXT 2015"]
[Source "ChessBase"]
[SourceDate "2014.11.20"]
[SourceVersion "1"]
[SourceVersionDate "2014.11.20"]
[SourceQuality "1"]

1. c4 e6 2. g3 Nf6 3. Bg2 d5 4. Nf3 c6 5. Qc2 Bd6 6. d4 Nbd7 7. cxd5 exd5 8. 0-0 0-0 9. Nc3 Re8 10. Re1 Nf8 11. a3 Ne4 12. Nd2 f5 13. f3 Nxc3 14. Qxc3 f4 15. Nf1 Qc7 16. Kf2 Ne6 17. e4 fxe3+ 18. Bxe3 Qf7 19. Kg1 Qf6 20. b4 Bd7 21. Re2 c5 22. bxc5 Bxc5 23. Rd2 Bb6 24. Rad1 Bc6 25. Qb3 Rac8 26. Bf2 Ng5 27. h4 Ne6 28. Qb4 Kh8 29. f4 Qd8 30. Nh2 Ba5 31. Qb2 Bxd2 32. Qxd2 Qd6 33. Qd3 Rf8 34. Be3 a6 35. Nf3 Bb5 36. Qb3 Nd8 37. Ne5 Bc6 38. Rc1 Rc7 39. Re1 Nf7 40. Qb6 Rcc8 41. Qb2 Qe6 42. Kh2 Nxe5 43. fxe5 Qg6 44. Bh3 Rf3 45. Qg2 Rcf8 46. e6 Qe8 47. Bg4 R3f6 48. Re2 Rxe6 49. Bxe6 Qxe6 50. Bf4 Qg4 51. Bd6 Rd8 52. Bc5 h6 53. Rf2 Re8 54. Qf1 Bb5 55. Rf8+ Kh7 56. Qb1+ Qg6 57. Qxg6+ Kxg6 58. Rxe8 Bxe8 59. g4 Kf6 60. Kg3 g6 1/2-1/2

[Event "Basso Veronese op 4th"]
[Site "Casaleone"]
[Date "2011.05.28"]
[Round "1"]
[White "Magnabosco, Mauro Denis"]
[Black "Fiscato, Claudio"]
[Result "1/2-1/2"]
[WhiteElo "1554"]
[BlackElo "1831"]
[PlyCount "96"]
[EventDate "2011.05.28"]
[EventType "swiss"]
[EventRounds "6"]
[EventCountry "ITA"]
[SourceTitle "EXT 2023"]
[Source "ChessBase"]
[SourceDate "2022.10.05"]
[SourceVersion "1"]
[SourceVersionDate "2022.10.05"]
[SourceQuality "1"]

1. e4 d6 2. Nf3 Nf6 3. Nc3 c6 4. Be2 g6 5. d4 Bg7 6. 0-0 0-0 7. Re1 Nbd7 8. h3 e5 9. Be3 Qe7 10. dxe5 dxe5 11. Qc1 Nc5 12. Nd2 Rd8 13. Bf3 Ne6 14. Ne2 Qc7 15. Nb3 b6 16. a4 a5 17. Ng3 Bb7 18. c3 c5 19. Qc2 Rd7 20. Rad1 Rad8 21. Rxd7 Rxd7 22. Rd1 Bc6 23. Rxd7 Qxd7 24. Nd2 Bxa4 25. b3 Bb5 26. Nb1 h5 27. h4 Kh7 28. Na3 Ba6 29. Be2 Bxe2 30. Qxe2 Bf8 31. f3 Bh6 32. Kf2 Bxe3+ 33. Qxe3 Nf4 34. Nc4 Qc7 35. Ne2 b5 36. Nb2 Nxe2 37. Kxe2 Qc6 38. Nd3 Nd7 39. Qc1 c4 40. bxc4 Qxc4 41. Kd2 Nc5 42. Qb1 f6 43. Nxc5 Qxc5 44. Qb3 Qd6+ 45. Kc2 Qd7 46. Kc1 Kg7 47. Kc2 Qc6 48. Kb2 Kf8 1/2-1/2